000
00336nam a2200157Ia 4500
100
_a
Cornell/ G./ Horenstmann.C
490
_v
1
942
_c
BK
654
_a
core java 2
245
_a
Core Java TM 2
260
_b
Pearson Education
_a
New york
_c
2005
082
_a
5.133
_b
HOR
300
_a
784
546
_a
ENGLISH
999
_c
34482
_d
34482